| 000 | 01087nam a22003497a 4500 | ||
|---|---|---|---|
| 001 | BR2011004606 | ||
| 003 | BR-BrBNA | ||
| 005 | 20230928103740.0 | ||
| 007 | ta | ||
| 008 | 230509b bl.||||| |||| 00| 0 por d | ||
| 040 |
_aBR-BrBNA _bpor _cBiblioteca Nacional de Agricultura |
||
| 041 | _a(Por) | ||
| 072 | _aH10 | ||
| 090 | _ H10 BR2011004606 | ||
| 110 | 1 |
_aQuímica Natural Brasileira Ltda, São José dos Campos, SP (Brasil) _98125 |
|
| 245 | 1 |
_aEcolife 40: tecnologia; 100 brasileira estimulando as plantas a produzir suas próprias defesas; revigorante e anti-stress para plantas _bBoletim Técnico |
|
| 260 | 3 |
_aSão José dos Campos, SP (Brasil): _c[nd]. |
|
| 300 | _a19 p. | ||
| 500 | _aPublished 2009?; 23 ref.; 5 tables | ||
| 650 | _aFITOALEXINA | ||
| 650 | _aCOMPOSTO ORGÂNICO | ||
| 650 | _aBIODEGRADAÇÃO | ||
| 650 | _aTOXIDEZ | ||
| 650 | _aDOSE | ||
| 650 | _aPROPRIEDADE ORGANOLÉPTICA | ||
| 650 | _aANTIOXIDANTE | ||
| 650 | _aÁCIDO ORGÂNICO | ||
| 650 | _aPLANTA | ||
| 650 | _aECOLIFE | ||
| 909 |
_a202309 _bLucia _c55 _dLucia Elande |
||
| 942 | _cBK | ||
| 999 |
_c76446 _d76446 |
||